000
00217 a2200097 4500
020
_a
9780545206945
041
_a
eng
100
_a
Tarshis, Lauren
245
_a
I Survived The Sinking of The Titanica, 1912
942
_c
BK
999
_c
31696
_d
31694